Phases finales de la Coupe du monde des clubs 2025. - Statistiques

Statistiques générales
  • Ce quiz a été pris 93 fois
  • Le résultat moyen est 12 sur 16
Statistiques - réponses
Réponse % Correct
Chelsea
100%
Paris SG
100%
Real Madrid
96%
Bayern Munich
93%
Manchester City
88%
Al-Hilal FC
75%
Inter Miami
75%
Borussia Dortmund
71%
CR Flamengo
70%
Inter Milan
68%
Botafogo FR
67%
Juventus
65%
Fluminense FC
58%
Benfica
57%
SE Palmeiras
51%
CF Monterrey
25%
Aucun quiz correspondant
Distribution des résultats
% des personnes avec chaque résultat
Percentile par nombre de réponses
Votre historique - résultats
Vous n’avez pas pris ce quiz